| 000 | 00722nam a2200229Ia 4500 | ||
|---|---|---|---|
| 003 | OSt | ||
| 005 | 20230727101727.0 | ||
| 008 | 210716s2008 xx 000 0 und d | ||
| 020 | _a9788131505120 | ||
| 040 | _cAIMIT LIBRARY | ||
| 041 | _aeng | ||
| 082 |
_a346.048 _21 _bSTIR |
||
| 100 |
_aStim, Richard. _9128564 |
||
| 245 |
_aIntellectual property : _bcopyrights trademarks and patents / _cBy Richard Stim. |
||
| 250 | _a1st ed. | ||
| 260 |
_aNew Delhi : _bCengage Learning , _c2008. |
||
| 300 |
_a520p. ; _bPB _c24 cm |
||
| 651 |
_aIntellectual property: an introduction _9128565 |
||
| 651 |
_aPrinciples of trademarks _9128566 |
||
| 651 |
_aCopyright ownership _9128567 |
||
| 942 |
_2ddc _cBK _e1st ed. _k346.048 STIR |
||
| 999 |
_c206796 _d206796 |
||